|
|
|
|
| LEADER |
00000nam a2200000 a 4500 |
| 001 |
vtls008693020 |
| 003 |
SK-MaSNL |
| 005 |
20260302084057.0 |
| 008 |
251031s2006 xo j 000 f slo |
| 015 |
|
|
|a SNBA2006/07-03809
|
| 020 |
|
|
|a 8089210724
|q (brož.)
|
| 040 |
|
|
|a SNK
|b slo
|c SNK
|e AACR2
|
| 041 |
1 |
|
|a slo
|h eng
|
| 044 |
|
|
|a xo
|c SK
|
| 072 |
|
7 |
|a 821.111-3
|x Anglická próza, anglicky písaná
|2 konspekt
|
| 072 |
|
7 |
|a 821-93
|x Literatúra pre deti a mládež
|2 konspekt
|
| 080 |
|
|
|a 821-93
|2 2001
|
| 080 |
|
|
|a 821.111-31
|2 2001
|
| 100 |
1 |
|
|a McCombie, Karen,
|d 1963-
|4 aut
|9 208728
|
| 240 |
1 |
0 |
|a Boys. Brothers and jelly-belly dancing
|l Slovensky
|
| 245 |
1 |
0 |
|a Dosť dobrá haluz
|c Karen McCombieová ; [z anglického originálu preložila Mária Havranová]
|
| 250 |
|
|
|a 1. vyd.
|
| 260 |
|
|
|a Bratislava
|b Fragment
|c 2006
|
| 300 |
|
|
|a 208 s.
|c 20 cm
|
| 490 |
1 |
|
|a Alica a-
|
| 521 |
|
|
|a Pre čitateľky od 11 rokov
|
| 655 |
|
7 |
|a anglicky písané romány
|2 SNKPH
|9 70583
|
| 655 |
|
7 |
|a publikácie pre deti
|2 SNKPH
|9 70148
|
| 655 |
|
7 |
|a umelecká literatúra
|2 SNKPH
|9 60405
|
| 700 |
1 |
|
|a Havranová, Mária
|c (prekladateľka)
|4 trl
|9 86096
|
| 830 |
|
0 |
|a Alica a-
|9 405633
|
| 919 |
|
|
|a 80-89210-72-4
|
| 968 |
|
|
|b ENG
|d 821
|
| 999 |
|
|
|c 1186574
|d 1188504
|
| 952 |
|
|
|a SNK
|b SNK
|y PREZ
|7 0
|p 17A0506424
|o snkSD 75617
|i snk2006/8299
|8 0
|0 0
|1 0
|4 0
|d 2006-04-24
|l 0
|r 2025-11-24 00:00:00
|w 2026-02-24
|
| 952 |
|
|
|a SNK
|b SNK
|y PREZ
|7 0
|p 17A0508171
|o snkSD 75617 D1
|i snk2006/9172
|8 0
|0 0
|1 0
|4 0
|d 2006-05-04
|l 0
|r 2017-06-30 00:00:00
|w 2026-02-24
|